[Event "20ème Open de Saint-Affrique"]
[Site "Saint Affrique (11)"]
[Date "2012.07.23"]
[Round "4.9"]
[White "Miellet-Bensan, Yves"]
[Black "Collas, Didier"]
[Result "0-1"]
[WhiteElo "2218"]
[BlackElo "2426"]
[PlyCount "110"]
[EventDate "2012.??.??"]

1. e4 d5 2. exd5 Qxd5 3. Nc3 Qa5 4. d4 Nf6 5. Nf3 c6 6. Be2 Bf5 7. O-O e6 8.
Ne5 Bb4 9. Bd2 Nbd7 10. a3 Bxc3 11. Bxc3 Qc7 12. Nxd7 Qxd7 13. b3 O-O 14. Bb2
b5 15. Bf3 Be4 16. Re1 Qd5 17. Bxe4 Nxe4 18. Qe2 Nd6 19. Qd3 Qf5 20. Qd2 Ne4
21. Qe2 Nf6 22. Qd2 Rfd8 23. Qe2 a5 24. Rac1 a4 25. Qe5 Qxe5 26. Rxe5 Nd7 27.
Rg5 f6 28. Rg3 Kf7 29. c4 Ra7 30. cxb5 cxb5 31. Rc6 Rb7 32. h4 Nb6 33. Re3 Nd5
34. Rf3 Rdd7 35. Kf1 Rdc7 36. Rc5 Rxc5 37. dxc5 axb3 38. Rxb3 Ke7 39. Bc3 Kd7
40. Bb4 Kc6 41. Ke1 Rd7 42. g3 e5 43. Ke2 Nc7 44. h5 Rd4 45. Rd3 Ne6 46. Rxd4
Nxd4+ 47. Ke3 Kd5 48. g4 g6 49. hxg6 hxg6 50. f4 exf4+ 51. Kxf4 Ne6+ 52. Ke3
Nxc5 53. Bc3 Nd7 54. Kf4 Ke6 55. Bb4 Ne5 0-1

[Event "20ème Open de Saint-Affrique"]
[Site "Saint Affrique (11)"]
[Date "2012.07.23"]
[Round "4.10"]
[White "Iwanesko, Alexandre"]
[Black "Milliet, Sophie"]
[Result "0-1"]
[WhiteElo "2213"]
[BlackElo "2401"]
[PlyCount "38"]
[EventDate "2012.??.??"]

1. e4 d6 2. d4 Nf6 3. Nc3 e5 4. Nf3 Nbd7 5. g4 Nxg4 6. Rg1 Ngf6 7. Bc4 h6 8.
Be3 c6 9. Qd3 b5 10. Bb3 Qa5 11. dxe5 dxe5 12. O-O-O Ba6 13. Ne2 c5 14. c4 bxc4
15. Bxc4 Bxc4 16. Qxc4 Qb4 17. Qxb4 cxb4 18. Ng3 g6 19. h4 Bc5 0-1

[Event "20ème Open de Saint-Affrique"]
[Site "Saint Affrique (11)"]
[Date "2012.07.23"]
[Round "4.14"]
[White "Buscara, Sevan"]
[Black "Roubaud, Alexandre"]
[Result "0-1"]
[WhiteElo "2334"]
[BlackElo "2156"]
[PlyCount "60"]
[EventDate "2012.??.??"]

1. Nf3 Nc6 2. c4 e5 3. Nc3 f5 4. d4 e4 5. Ne5 Nf6 6. Bf4 Bb4 7. e3 Ne7 8. c5
Ned5 9. Bc4 d6 10. cxd6 cxd6 11. Qa4+ Kf8 12. O-O-O Bxc3 13. bxc3 Nxf4 14. exf4
Qc7 15. Qa3 Ke7 16. Bb3 b5 17. Kb1 a5 18. d5 Bb7 19. g4 a4 20. Bc2 Nxd5 21.
Rxd5 Bxd5 22. Rd1 b4 23. cxb4 Rhc8 24. Qb2 a3 25. Ng6+ Kf7 26. Nh8+ Kg8 27. Qc1
Bxa2+ 28. Kxa2 Qxc2+ 29. Qxc2 Rxc2+ 30. Ka1 Kxh8 0-1

[Event "20ème Open de Saint-Affrique"]
[Site "Saint Affrique (11)"]
[Date "2012.07.23"]
[Round "4.27"]
[White "Mania, Clement"]
[Black "Claisse, Patrick"]
[Result "1-0"]
[WhiteElo "2137"]
[BlackElo "1879"]
[PlyCount "61"]
[EventDate "2012.??.??"]

1. f4 c5 2. Nf3 Nc6 3. g3 Nf6 4. Bg2 e6 5. O-O Be7 6. d3 d5 7. Nc3 d4 8. Ne4
Nxe4 9. dxe4 Qc7 10. e5 O-O 11. h4 f6 12. exf6 Bxf6 13. Ng5 h6 14. Ne4 Be7 15.
a3 Bd7 16. Qd3 a6 17. Bd2 b5 18. Kh1 Rad8 19. g4 e5 20. f5 c4 21. Qg3 h5 22.
gxh5 Bxf5 23. h6 Bd6 24. Bg5 Bxe4 25. Bxe4 Rxf1+ 26. Rxf1 Rf8 27. Bf6 Qf7 28.
hxg7 Rc8 29. Qg5 Qe6 30. Bh7+ Kxh7 31. g8=B+ 1-0

[Event "20ème Open de Saint-Affrique"]
[Site "Saint Affrique (11)"]
[Date "2012.07.23"]
[Round "4.38"]
[White "Bizeul, Pierre"]
[Black "Scandella, Thierry"]
[Result "1-0"]
[WhiteElo "1647"]
[BlackElo "2003"]
[PlyCount "71"]
[EventDate "2012.??.??"]

1. Nf3 Nf6 2. d4 e6 3. b3 b6 4. Nbd2 Bb7 5. e3 d5 6. Bd3 Bd6 7. O-O O-O 8. Bb2
c5 9. Ne5 Nc6 10. f4 Nb4 11. Be2 Ne4 12. Bf3 f6 13. Bxe4 dxe4 14. Nec4 f5 15.
Nxd6 Qxd6 16. Nc4 Qe7 17. dxc5 bxc5 18. Qe2 Ba6 19. a3 Nd5 20. Qf2 Bxc4 21.
bxc4 Nb6 22. Qe2 Rfd8 23. g4 Rd7 24. g5 Na4 25. Be5 Rad8 26. Rf2 Nb6 27. h4 Rb7
28. h5 Qd7 29. h6 g6 30. a4 Nxa4 31. Bf6 Rc8 32. Rd1 Qe8 33. Qd2 Nb6 34. Qc3
Qa4 35. Rfd2 Qe8 36. Rd8 1-0

[Event "20ème Open de Saint-Affrique"]
[Site "Saint Affrique (11)"]
[Date "2012.07.23"]
[Round "4.40"]
[White "Lopez, Gerard"]
[Black "Malart, Jacques"]
[Result "0-1"]
[WhiteElo "1974"]
[BlackElo "1760"]
[PlyCount "78"]
[EventDate "2012.??.??"]

1. e4 e5 2. Nf3 Nc6 3. Bc4 d6 4. d4 exd4 5. Nxd4 Nxd4 6. Qxd4 Qf6 7. Qd3 Nh6 8.
Nc3 Ng4 9. Qe2 c6 10. h3 Ne5 11. Bb3 Be7 12. Be3 Qg6 13. g3 b5 14. a3 O-O 15.
O-O-O Be6 16. f4 Bxb3 17. cxb3 Nd7 18. f5 Qxg3 19. Rdg1 Qe5 20. Bh6 Bf6 21. Rg4
Kh8 22. Bf4 Qe7 23. Rhg1 Nc5 24. Kc2 Bxc3 25. bxc3 Qxe4+ 26. Qxe4 Nxe4 27. Rxg7
d5 28. R1g2 Rg8 29. Bh6 f6 30. h4 Nd6 31. Rxg8+ Rxg8 32. Rf2 Rg4 33. Be3 a6 34.
h5 Ne4 35. Rf3 Kg8 36. Kd3 Kf7 37. b4 Nd6 38. h6 Nc4 39. Bc1 Ne5+ 0-1

[Event "20ème Open de Saint-Affrique"]
[Site "Saint Affrique (11)"]
[Date "2012.07.23"]
[Round "4.49"]
[White "Gonzalez, Loic"]
[Black "Fejzovski, Enver"]
[Result "1-0"]
[WhiteElo "1805"]
[BlackElo "2157"]
[PlyCount "99"]
[EventDate "2012.??.??"]

1. e4 a6 2. d4 e6 3. Nf3 c5 4. Nc3 cxd4 5. Nxd4 Qc7 6. a3 Nf6 7. g3 h5 8. Bg2
Bc5 9. Nb3 Ba7 10. h3 Nc6 11. Qe2 Nd4 12. Nxd4 Bxd4 13. Nd1 d6 14. c3 Bb6 15.
Be3 Bd7 16. Bxb6 Qxb6 17. Qe3 Qxe3+ 18. Nxe3 Bc6 19. f3 h4 20. g4 b5 21. O-O g5
22. Nc2 Ra7 23. Nb4 Bb7 24. Nd3 e5 25. a4 bxa4 26. Rxa4 Bc6 27. Ra5 Bb5 28. Rd1
Bxd3 29. Rxd3 Ke7 30. Bf1 Rb8 31. Rd2 Rb6 32. b4 Rc7 33. Ra3 d5 34. exd5 Kd6
35. c4 Kd7 36. Bd3 Kd8 37. Rb3 Nd7 38. Rdb2 Rcb7 39. Bc2 a5 40. bxa5 Rxb3 41.
Rxb3 Rxb3 42. Bxb3 Nc5 43. Bc2 Kc7 44. Kf2 Kb7 45. Ke3 Ka6 46. Bf5 Kxa5 47. d6
Kb6 48. Be4 Ne6 49. Bd5 Nf4 50. c5+ 1-0

[Event "20ème Open de Saint-Affrique"]
[Site "Saint Affrique (11)"]
[Date "2012.07.23"]
[Round "4.55"]
[White "Verges, Brice"]
[Black "Baudry, Emilien"]
[Result "0-1"]
[WhiteElo "1891"]
[BlackElo "1648"]
[PlyCount "40"]
[EventDate "2012.??.??"]

1. e4 d6 2. d4 Nf6 3. Nc3 g6 4. Nf3 Bg7 5. Bc4 O-O 6. O-O Nxe4 7. Bxf7+ Rxf7 8.
Nxe4 Bg4 9. Neg5 Rf8 10. h3 Bf5 11. c3 h6 12. Qb3+ d5 13. Qxb7 hxg5 14. Qxa8 {#
} 14... Bxh3 15. Bxg5 Qd7 16. Ne5 Bxe5 17. gxh3 Nc6 18. Qb7 Qxh3 19. dxe5 Qg4+
20. Kh2 Rf3 0-1

[Event "20ème Open de Saint-Affrique"]
[Site "Saint Affrique (11)"]
[Date "2012.07.23"]
[Round "4.64"]
[White "Forest, Eric"]
[Black "Veschambre, Antoine"]
[Result "0-1"]
[WhiteElo "1817"]
[BlackElo "1580"]
[PlyCount "60"]
[EventDate "2012.??.??"]

1. d4 Nf6 2. c4 g6 3. Nc3 Bg7 4. e4 d6 5. Nf3 O-O 6. h3 e5 7. Qc2 Nbd7 8. Be3
Nh5 9. g4 Nf4 10. Ne2 Nxe2 11. Bxe2 exd4 12. Nxd4 Re8 13. O-O-O Nc5 14. f3 Bd7
15. Kb1 a5 16. Bf2 Qe7 17. Rhe1 Reb8 18. Bf1 Na6 19. Qd2 Nb4 20. f4 Nc6 21. Nb5
Rc8 22. e5 Be6 23. exd6 cxd6 24. Bd3 Qd7 25. Ka1 Nb4 26. Rxe6 Qxe6 27. Nd4 Bxd4
28. Bxd4 Nxd3 29. Qxd3 Qxc4 30. Qf3 Qc1+ 0-1

[Event "20ème Open de Saint-Affrique"]
[Site "Saint Affrique (11)"]
[Date "2012.07.23"]
[Round "4.66"]
[White "Le Gal, Serge"]
[Black "Robert, Calvin"]
[Result "0-1"]
[WhiteElo "1768"]
[BlackElo "1550"]
[PlyCount "54"]
[EventDate "2012.??.??"]

1. c4 e6 2. g3 f5 3. d3 Nf6 4. Bg2 c6 5. e4 fxe4 6. dxe4 Be7 7. e5 Qa5+ 8. Nc3
Qxe5+ 9. Be3 O-O 10. Nh3 Qh5 11. f3 d5 12. O-O e5 13. Nf2 d4 14. Bxd4 exd4 15.
Qxd4 Qc5 16. Qd2 Qxc4 17. Rfe1 Bc5 18. Rac1 Qd4 19. Qxd4 Bxd4 20. Rcd1 Bc5 21.
Kf1 Bxf2 22. Kxf2 Bf5 23. Kg1 Nbd7 24. Rd2 Rfe8 25. Ne4 Nxe4 26. fxe4 Be6 27.
Red1 Nb6 0-1

[Event "20ème Open de Saint-Affrique"]
[Site "Saint Affrique (11)"]
[Date "2012.07.23"]
[Round "4.67"]
[White "Boualit, Teresa-Eliza"]
[Black "Aiglon, Michel"]
[Result "0-1"]
[WhiteElo "1730"]
[BlackElo "1543"]
[PlyCount "54"]
[EventDate "2012.??.??"]

1. d4 d5 2. Bf4 Nf6 3. e3 e6 4. Nf3 Nc6 5. Nbd2 Be7 6. Ne5 Bd7 7. c3 O-O 8. Bd3
a6 9. Qf3 Bd6 10. e4 dxe4 11. Nxe4 Nxe4 12. Qxe4 f5 13. Qf3 Nxe5 14. Bxe5 Bxe5
15. dxe5 Bc6 16. Qg3 Qe7 17. O-O-O Rad8 18. h4 Rd5 19. Rh3 Ba4 20. Bc2 Rxd1+
21. Bxd1 Bxd1 22. Kxd1 Rd8+ 23. Kc2 Qd7 24. Qf3 Qa4+ 25. Kc1 Qxa2 26. Qxb7 Qa1+
27. Kc2 Qd1# 0-1

[Event "20ème Open de Saint-Affrique"]
[Site "Saint Affrique (11)"]
[Date "2012.07.23"]
[Round "4.83"]
[White "Sakwinski, Jean-Francois"]
[Black "Del Valle, Julie"]
[Result "0-1"]
[WhiteElo "1613"]
[BlackElo "1464"]
[PlyCount "112"]
[EventDate "2012.??.??"]

1. e4 e5 2. Nf3 d6 3. Bc4 Be7 4. Nc3 Nf6 5. d4 Nbd7 6. O-O O-O 7. Be3 c6 8. Qd2
b5 9. Bd3 a5 10. a3 Bb7 11. Rfd1 Qc7 12. Ng5 h6 13. Nh3 Ng4 14. f3 Nxe3 15.
Qxe3 Nf6 16. dxe5 dxe5 17. Kh1 Rfd8 18. g4 Nh7 19. Ne2 Ng5 20. Nxg5 Bxg5 21.
Qf2 Qe7 22. Qf1 Bc8 23. Ng3 Bf4 24. Ne2 Qf6 25. Qg2 Be6 26. Nxf4 Qxf4 27. Qe2
Qg5 28. Qf2 Qf4 29. Qe2 Qg5 30. Rg1 Rd6 31. Qf2 Qf4 32. h4 Bc8 33. Rg2 Rg6 34.
Rag1 Bd7 35. Rg3 Rc8 36. Qa7 Be6 37. Qxa5 h5 38. Qe1 hxg4 39. fxg4 Rxg4 40.
Rxg4 Bxg4 41. Qg3 Qxg3 42. Rxg3 Be6 43. Kh2 Kh7 44. Rg2 g6 45. Kg3 Kh6 46. Rf2
Rf8 47. Rf6 Kg7 48. Rf2 f5 49. h5 f4+ 50. Kh4 gxh5 {#} 51. Kxh5 Kf6 52. Rxf4+
exf4 53. e5+ Kxe5 54. Kh6 f3 55. Kg7 Rg8+ 56. Kh7 Rg1 0-1

[Event "20ème Open de Saint-Affrique"]
[Site "Saint Affrique (11)"]
[Date "2012.07.23"]
[Round "4.93"]
[White "Malassagne, Gabriel"]
[Black "Navarro, Julie"]
[Result "1-0"]
[WhiteElo "1350"]
[BlackElo "1523"]
[PlyCount "51"]
[EventDate "2012.??.??"]

1. e4 e5 2. Bc4 Nf6 3. Nc3 Nc6 4. Nf3 Bc5 5. d3 d6 6. h3 h6 7. O-O Nh5 8. Ne2
Qf6 9. c3 Be6 10. Bb3 Bxh3 11. d4 Bxg2 12. Kxg2 exd4 13. cxd4 Bb6 14. Ba4 Qg6+
15. Ng3 O-O 16. Nh4 Qf6 17. Qxh5 Nxd4 18. Be3 Ne6 19. Kh2 Bxe3 20. fxe3 Qxb2+
21. Qe2 Qe5 22. Qg4 Qb2+ 23. Kh1 Qa3 24. Bb3 Nc5 25. Nhf5 g5 26. Nxh6+ 1-0

[Event "20ème Open de Saint-Affrique"]
[Site "Saint Affrique (11)"]
[Date "2012.07.24"]
[Round "5.1"]
[White "Hamdouchi, Hicham"]
[Black "Flear, Glenn C"]
[Result "1-0"]
[WhiteElo "2627"]
[BlackElo "2476"]
[PlyCount "119"]
[EventDate "2012.??.??"]

1. e4 e5 2. Nf3 Nc6 3. Bb5 a6 4. Ba4 Nf6 5. O-O b5 6. Bb3 Bb7 7. d3 Bd6 8. a4
h6 9. axb5 axb5 10. Rxa8 Bxa8 11. Na3 Na5 12. Ba2 b4 13. Nb5 Bc5 14. Nxe5 d5
15. c3 O-O 16. cxb4 Bxb4 17. Ng4 dxe4 18. Nxf6+ Qxf6 19. Nxc7 Qd6 20. Nxa8 exd3
{#} 21. Nb6 d2 22. Nd5 dxc1=Q 23. Qxc1 Re8 24. Nxb4 Qxb4 25. Bd5 Nb7 26. Qc3
Qxc3 27. bxc3 Nc5 28. Ra1 Re2 29. h4 Kf8 30. c4 f6 31. Ra3 Ne4 32. Ra8+ Ke7 33.
f3 Nc3 34. Ra7+ Kf8 35. Rf7+ Kg8 36. Re7+ Kf8 37. Rxe2 Nxe2+ 38. Kf2 Nf4 39. g3
Ng6 40. c5 Ne7 41. Be4 Kf7 42. Ke3 Ke6 43. h5 Ke5 44. g4 Ke6 45. Kd4 Kd7 46.
Kc4 Kc7 47. Kb5 Nc8 48. Kb4 Ne7 49. Kc4 Kd7 50. Kb5 Kc7 51. c6 f5 52. gxf5 Ng8
53. f4 Nf6 54. Bf3 Ne8 55. Kc5 Nd6 56. Kd5 Nxf5 57. Ke5 Ne3 58. Ke6 Nc2 59. Kf7
Nd4 60. Kxg7 1-0

[Event "20ème Open de Saint-Affrique"]
[Site "Saint Affrique (11)"]
[Date "2012.07.24"]
[Round "5.3"]
[White "Milliet, Sophie"]
[Black "Riff, Jean-Noel"]
[Result "1/2-1/2"]
[WhiteElo "2401"]
[BlackElo "2500"]
[PlyCount "20"]
[EventDate "2012.??.??"]

1. e4 e6 2. d4 d5 3. exd5 exd5 4. Bf4 Bd6 5. Bxd6 Qxd6 6. c3 Bf5 7. Bd3 Bxd3 8.
Qxd3 c6 9. Nf3 Nf6 10. Nbd2 Nbd7 1/2-1/2

[Event "20ème Open de Saint-Affrique"]
[Site "Saint Affrique (11)"]
[Date "2012.07.24"]
[Round "5.4"]
[White "Cioara, Andrei-Nestor"]
[Black "Saez, Frederic"]
[Result "1-0"]
[WhiteElo "2484"]
[BlackElo "2283"]
[PlyCount "65"]
[EventDate "2012.??.??"]

1. d4 Nf6 2. c4 d6 3. Nc3 Bf5 4. g3 e5 5. d5 Ne4 6. Qd3 Nxc3 7. Qxf5 Na4 8. Qc2
Nb6 9. Nf3 g6 10. e4 N8d7 11. h4 c6 12. h5 Bg7 13. Bh3 cxd5 14. cxd5 Rc8 15.
Qe2 Qc7 16. Bd2 Qc2 17. b3 Rc3 18. Rd1 {#} 18... Rxf3 19. Bxd7+ Nxd7 20. Qxf3
Nc5 21. h6 Bf6 22. O-O Ke7 23. Be3 Qxe4 24. Qxe4 Nxe4 25. Rc1 Kd7 26. Rc4 Nc5
27. Rfc1 b5 28. R4c2 b4 29. Bxc5 dxc5 30. Rxc5 Bd8 31. Rc8 Re8 32. Ra8 e4 33.
Rcc8 1-0

[Event "20ème Open de Saint-Affrique"]
[Site "Saint Affrique (11)"]
[Date "2012.07.24"]
[Round "5.5"]
[White "Manea, Alexandru"]
[Black "Degraeve, Jean-Marc"]
[Result "1/2-1/2"]
[WhiteElo "2369"]
[BlackElo "2580"]
[PlyCount "116"]
[EventDate "2012.??.??"]

1. c4 f5 2. d4 Nf6 3. g3 g6 4. Bg2 Bg7 5. Nh3 O-O 6. Nc3 c6 7. Qb3 d6 8. O-O
Na6 9. Rd1 Qe8 10. Qa3 h6 11. b4 Nc7 12. b5 cxb5 13. cxb5 Ne4 14. Nf4 Nxc3 15.
Qxc3 Nxb5 16. Qc4+ Kh7 17. Bb2 g5 18. Ne6 Bxe6 19. Qxe6 Rc8 20. Qb3 b6 21. a4
Nc7 22. Rac1 d5 23. Rc2 e6 24. Rdc1 Qd7 25. e3 Rfd8 26. Bf1 Ne8 27. Ba6 Rxc2
28. Qxc2 Bf8 29. Qc6 Qxc6 30. Rxc6 Bd6 31. Bc3 Kg7 32. Bc8 Kf6 33. a5 Nc7 34.
Bb7 Ke7 35. axb6 axb6 36. Rxb6 Rb8 37. Rb2 Ne8 38. Bc6 Rxb2 39. Bxb2 Bb4 40.
Kf1 Nd6 41. Ba4 g4 42. Bc1 Ne4 43. Bc2 Ng5 44. Bd1 Kd6 45. Kg2 Kc6 46. Ba4+ Kb6
47. Bd7 Kc7 48. Bb5 Ne4 49. Bd3 Ng5 50. Bb5 h5 51. Bb2 Kd6 52. Bc1 Ke7 53. Be2
Kf6 54. Bb5 Kg6 55. Be8+ Kf6 56. Bb5 Nf3 57. h3 Ne1+ 58. Kh2 Nf3+ 1/2-1/2

[Event "20ème Open de Saint-Affrique"]
[Site "Saint Affrique (11)"]
[Date "2012.07.24"]
[Round "5.6"]
[White "Gozzoli, Yannick"]
[Black "Planell, Eric"]
[Result "1-0"]
[WhiteElo "2547"]
[BlackElo "2236"]
[PlyCount "49"]
[EventDate "2012.??.??"]

1. d4 d5 2. Nf3 Nf6 3. c4 e6 4. g3 dxc4 5. Bg2 Nbd7 6. Qa4 a6 7. Qxc4 b5 8. Qc6
Ra7 9. Bf4 Bb4+ 10. Nbd2 Bb7 11. Qc1 Nd5 12. O-O Nxf4 13. gxf4 Bd6 14. Ne5 Bxg2
15. Kxg2 Bxe5 16. dxe5 c5 17. Ne4 O-O 18. Qe3 Rc7 19. Rad1 Qa8 20. f3 Nb6 21.
Kh1 Nd5 22. Qc1 c4 23. Rg1 Qa7 {#} 24. Nf6+ Nxf6 25. exf6 1-0

[Event "20ème Open de Saint-Affrique"]
[Site "Saint Affrique (11)"]
[Date "2012.07.24"]
[Round "5.7"]
[White "Bissieres, Matthieu"]
[Black "Petrossian, Armen"]
[Result "1/2-1/2"]
[WhiteElo "2346"]
[BlackElo "2437"]
[PlyCount "107"]
[EventDate "2012.??.??"]

1. e4 e5 2. Nf3 Nc6 3. d4 exd4 4. Nxd4 Nf6 5. Nxc6 bxc6 6. e5 Qe7 7. Qe2 Nd5 8.
c4 Ba6 9. b3 g6 10. Bb2 Bg7 11. Nd2 O-O 12. O-O-O d6 13. Qe4 f5 14. exf6 Qxe4 {
#} 15. fxg7 Qf4 16. gxf8=Q+ Rxf8 17. cxd5 Bxf1 18. Rhxf1 cxd5 19. g3 Qb4 20. f4
c5 21. Rfe1 a5 22. Re7 Rf7 23. Re6 Rd7 24. Re8+ Kf7 25. Rh8 d4 26. Rxh7+ Ke8
27. Re1+ Kd8 28. Rh8+ Kc7 29. Ree8 Qb7 30. Rc8+ Qxc8 31. Rxc8+ Kxc8 32. Nc4 Kc7
33. Nxa5 Rh7 34. h4 Re7 35. b4 Re3 36. bxc5 dxc5 37. Nb3 Kc6 38. Ba3 c4 39.
Nxd4+ Kd5 40. Nc2 Rxg3 41. Kd2 Rd3+ 42. Ke2 Rh3 43. Ne3+ Kd4 44. Bc1 Rxh4 45.
f5 Rh2+ 46. Kf3 gxf5 47. Nxf5+ Kd3 48. a4 Ra2 49. Bf4 c3 50. Ng3 Rxa4 51. Ne2
c2 52. Nc1+ Kc3 53. Ne2+ Kb3 54. Ke3 1/2-1/2

[Event "20ème Open de Saint-Affrique"]
[Site "Saint Affrique (11)"]
[Date "2012.07.24"]
[Round "5.8"]
[White "Congiu, Mathilde"]
[Black "Mullon, Jean-Baptiste"]
[Result "0-1"]
[WhiteElo "2216"]
[BlackElo "2404"]
[PlyCount "82"]
[EventDate "2012.??.??"]

1. e4 g6 2. d4 Bg7 3. Nc3 a6 4. Be3 b5 5. Bd3 d6 6. Nf3 Nd7 7. a4 b4 8. Ne2
Ngf6 9. O-O O-O 10. a5 c5 11. c3 bxc3 12. bxc3 Qc7 13. Qa4 e6 14. Nd2 Ng4 15.
Bg5 h6 16. Be7 Re8 17. Bh4 Bb7 18. h3 Ngf6 19. Rfb1 Bc6 20. Qa3 d5 21. Bxf6
Bxf6 22. e5 Be7 23. Qc1 c4 24. Bc2 Reb8 25. f4 Rxb1 26. Bxb1 Rb8 27. f5 exf5
28. Nf3 Kg7 29. e6 fxe6 30. Nf4 Nf8 31. Ne5 Be8 32. Qe1 Bg5 33. Qg3 Rb7 34. h4
Bxf4 35. Qxf4 Nd7 36. g4 Nxe5 37. dxe5 Qc5+ 38. Kf1 Qf8 39. g5 hxg5 40. Qxg5
Qe7 41. Qg3 Rb2 0-1

[Event "20ème Open de Saint-Affrique"]
[Site "Saint Affrique (11)"]
[Date "2012.07.24"]
[Round "5.9"]
[White "Roubaud, Alexandre"]
[Black "Carmaciu, Lucian-Catalin"]
[Result "0-1"]
[WhiteElo "2156"]
[BlackElo "2386"]
[PlyCount "92"]
[EventDate "2012.??.??"]

1. e4 c5 2. Nf3 e6 3. d4 cxd4 4. Nxd4 a6 5. Nc3 Qc7 6. Bd3 Nf6 7. O-O b5 8. a3
Bb7 9. Qe2 d6 10. Kh1 Nbd7 11. f4 Be7 12. Bd2 g6 13. Nf3 Nc5 14. b4 Nxd3 15.
cxd3 O-O 16. Rac1 Qb8 17. f5 exf5 18. exf5 Qd8 19. fxg6 hxg6 20. Qf2 Qd7 21.
Ng5 Rac8 22. Rce1 Bd8 23. Nce4 Bxe4 24. dxe4 Rc2 25. Qd4 Be7 26. Bc3 Qg4 27.
Bd2 Nh5 28. Nh3 Bf6 29. Qd3 Rfc8 30. Rc1 Rxc1 31. Rxc1 Rxc1+ 32. Bxc1 Be5 33.
Ng1 Nf6 34. Nf3 Qxe4 35. Qxe4 Nxe4 36. Nxe5 dxe5 37. g3 f6 38. Kg2 Kf7 39. Kf3
Ng5+ 40. Ke2 Nh3 41. Kf3 Ke6 42. g4 g5 43. Ke4 Nf2+ 44. Kf3 Nd3 45. Bd2 Kd5 46.
Ke3 Nb2 0-1

[Event "20ème Open de Saint-Affrique"]
[Site "Saint Affrique (11)"]
[Date "2012.07.24"]
[Round "5.10"]
[White "Libiszewski, Fabien"]
[Black "Lewis, John"]
[Result "1-0"]
[WhiteElo "2505"]
[BlackElo "2118"]
[PlyCount "95"]
[EventDate "2012.??.??"]

1. c4 e6 2. g3 d5 3. Bg2 Nf6 4. Nf3 Be7 5. O-O O-O 6. b3 Nbd7 7. Bb2 b6 8. d3
Bb7 9. Nbd2 c5 10. Qc2 Qc7 11. e4 d4 12. Ne1 e5 13. Bh3 Nh5 14. Ng2 g6 15. Qd1
Ng7 16. Qe2 f5 17. f4 exf4 18. Nxf4 Bg5 19. Rae1 Rae8 20. Bc1 Ne5 21. Bg2 Qd7
22. h3 Re7 23. Kh2 Rfe8 24. Rf2 Kh8 25. Qf1 Qd6 26. a3 Rf7 27. exf5 Bxg2 28.
Rxg2 Rxf5 29. Ne4 Qd8 30. Rf2 Bxf4 31. Bxf4 Nh5 32. Bxe5+ Rfxe5 33. b4 Ng7 34.
bxc5 bxc5 35. g4 R5e7 36. Qg2 Rf8 37. Ref1 Qc7+ 38. Qg3 Rxf2+ 39. Rxf2 Ne6 40.
Qxc7 Rxc7 41. Rf6 Re7 42. Rf2 Rb7 43. g5 Kg7 44. h4 h6 45. Rf6 Re7 {#} 46. h5
$1 hxg5 47. Rxg6+ Kh8 48. Nf6 1-0

[Event "20ème Open de Saint-Affrique"]
[Site "Saint Affrique (11)"]
[Date "2012.07.24"]
[Round "5.18"]
[White "Maupin, Valerie"]
[Black "Gertosio, Franck"]
[Result "1-0"]
[WhiteElo "2024"]
[BlackElo "2215"]
[PlyCount "63"]
[EventDate "2012.??.??"]

1. d4 d6 2. c4 e5 3. dxe5 dxe5 4. Qxd8+ Kxd8 5. Nc3 Be6 6. b3 c6 7. Nf3 f6 8.
e4 Nd7 9. Be2 Bb4 10. Bb2 Nc5 11. Nd2 Kc7 12. a3 Bxc3 13. Bxc3 a5 14. O-O Ne7
15. g3 Bh3 16. Rfd1 h5 17. Rab1 h4 18. b4 Ne6 19. Nb3 hxg3 20. hxg3 a4 21. Nc5
Nxc5 22. bxc5 Ng6 23. f3 Bc8 24. Kg2 Bh3+ 25. Kf2 f5 {#} 26. Rd6 Rh6 27. Rh1
Rah8 28. Rxh3 Rxh3 29. Rxg6 Rh2+ 30. Ke3 f4+ 31. Kd2 Rd8+ 32. Ke1 1-0

[Event "20ème Open de Saint-Affrique"]
[Site "Saint Affrique (11)"]
[Date "2012.07.24"]
[Round "5.27"]
[White "Malart, Jacques"]
[Black "Mania, Clement"]
[Result "0-1"]
[WhiteElo "1760"]
[BlackElo "2137"]
[PlyCount "56"]
[EventDate "2012.??.??"]

1. d4 g6 2. Nf3 Bg7 3. g3 f5 4. Bg2 Nf6 5. c4 O-O 6. Nc3 d6 7. O-O Nc6 8. d5
Ne5 9. Nxe5 dxe5 10. e4 f4 11. gxf4 exf4 12. e5 Ng4 13. e6 Ne5 14. c5 c6 15.
dxc6 Nxc6 16. Bxc6 Qxd1 17. Rxd1 bxc6 18. Re1 Rf5 19. Na4 Be5 20. Rb1 Bxe6 21.
Bxf4 Rxf4 22. Rxe5 Rg4+ 23. Kh1 Bxa2 24. Nc3 Bxb1 25. Nxb1 Rb8 26. h3 Rf4 27.
Rxe7 Rxb2 28. Nc3 Rfxf2 0-1

[Event "20ème Open de Saint-Affrique"]
[Site "Saint Affrique (11)"]
[Date "2012.07.24"]
[Round "5.29"]
[White "Saez, Nicolas"]
[Black "Weill, Roland"]
[Result "1-0"]
[WhiteElo "1975"]
[BlackElo "2213"]
[PlyCount "91"]
[EventDate "2012.??.??"]

1. e4 e5 2. Nf3 Nc6 3. Bb5 a6 4. Ba4 d6 5. c3 Bd7 6. O-O Nf6 7. Re1 Be7 8. d4
O-O 9. Nbd2 Re8 10. Nf1 h6 11. Ng3 Bf8 12. h3 g6 13. d5 Ne7 14. Bc2 c5 15. Be3
Kh7 16. Nh2 Nfg8 {#} 17. f4 f6 18. f5 g5 19. Qh5 Bg7 20. h4 Rf8 21. hxg5 fxg5
22. Bxg5 Bf6 23. Nf3 Qe8 24. Qh4 Rf7 25. Nh5 Qf8 26. Bxf6 Rxf6 27. Nxf6+ Nxf6
28. Ng5+ Kh8 29. Ne6 Bxe6 30. dxe6 Qg7 31. Rad1 Rg8 32. Re2 d5 33. Rf1 d4 34.
cxd4 cxd4 35. Rf3 Kh7 36. Kh2 Rf8 37. Rg3 Qh8 38. Bd3 Rc8 39. Rc2 Rxc2 40. Bxc2
Qf8 41. Rb3 b5 42. a4 Neg8 43. axb5 Qc5 44. bxa6 Qxc2 45. Rb7+ Kh8 46. Qg3 1-0

[Event "20ème Open de Saint-Affrique"]
[Site "Saint Affrique (11)"]
[Date "2012.07.24"]
[Round "5.39"]
[White "Scandella, Thierry"]
[Black "Gonzalez, Loic"]
[Result "0-1"]
[WhiteElo "2003"]
[BlackElo "1805"]
[PlyCount "42"]
[EventDate "2012.??.??"]

1. d4 c5 2. e3 d5 3. Nf3 e6 4. b3 Nf6 5. Bd3 Nbd7 6. O-O b6 7. Bb2 Bb7 8. Ne5
Be7 9. Nd2 Qc7 10. Rc1 O-O 11. g4 cxd4 12. exd4 Nxe5 13. dxe5 Ne4 14. Nxe4 dxe4
15. Bc4 Bg5 16. Rb1 Rfd8 17. Qe1 {#} 17... e3 18. f3 Qc5 19. Be2 Bf4 20. Bd3
Rxd3 21. cxd3 Qc2 0-1

[Event "20ème Open de Saint-Affrique"]
[Site "Saint Affrique (11)"]
[Date "2012.07.24"]
[Round "5.44"]
[White "Grezes, Yves"]
[Black "Danielian, Kevin"]
[Result "0-1"]
[WhiteElo "1955"]
[BlackElo "1688"]
[PlyCount "38"]
[EventDate "2012.??.??"]

1. c4 Nf6 2. Nc3 g6 3. e4 d6 4. d4 Bg7 5. Nf3 O-O 6. Be2 e5 7. d5 Nbd7 8. O-O
Ne8 9. Qc2 f5 10. Ng5 Nc5 11. b4 Nxe4 12. Ncxe4 fxe4 13. Be3 Nf6 14. Rad1 h6 {#
} 15. Nxe4 Nxe4 16. f3 Nf6 17. Qxg6 Qe8 18. Qc2 Bd7 19. Bd3 Ba4 0-1

[Event "20ème Open de Saint-Affrique"]
[Site "Saint Affrique (11)"]
[Date "2012.07.24"]
[Round "5.45"]
[White "Aiglon, Nicolas"]
[Black "Vignette, Jeanne"]
[Result "0-1"]
[WhiteElo "1953"]
[BlackElo "1682"]
[PlyCount "50"]
[EventDate "2012.??.??"]

1. e4 d5 2. exd5 Qxd5 3. Nc3 Qa5 4. d4 Nf6 5. Bd2 Qb6 6. Bc1 Bf5 7. Nf3 e6 8.
Bd3 Bg4 9. h3 Bxf3 10. Qxf3 Nc6 11. d5 Ne5 12. Qg3 Nxd3+ 13. Qxd3 O-O-O 14. Be3
Bc5 15. Na4 Qa5+ 16. Nc3 Bxe3 17. Qxe3 exd5 18. O-O-O Rhe8 19. Qg5 Ne4 20. Qf5+
Kb8 21. Nxd5 Qxa2 22. c3 Nxf2 23. Nb4 Rxd1+ 24. Rxd1 Qa1+ 25. Kc2 Qxd1# 0-1

[Event "20ème Open de Saint-Affrique"]
[Site "Saint Affrique (11)"]
[Date "2012.07.24"]
[Round "5.56"]
[White "Lepeigneux, Jean-Jacques"]
[Black "Rabier, Jean"]
[Result "1-0"]
[WhiteElo "1586"]
[BlackElo "1848"]
[PlyCount "57"]
[EventDate "2012.??.??"]

1. e4 c5 2. Nf3 a6 3. c3 e6 4. d4 Qc7 5. Nbd2 b5 6. Bd3 Bb7 7. O-O d6 8. e5 d5
9. Ng5 g6 10. f4 h6 {#} 11. Nxe6 fxe6 12. Bxg6+ Kd8 13. f5 Ne7 14. Qh5 Rg8 15.
Qh4 Bc8 16. Bf7 Rh8 17. Qf6 Rh7 18. fxe6 Bg7 19. Qh4 Qb6 20. Bg8 cxd4 21. Rf7
dxc3+ 22. Kh1 Qxe6 23. Rxg7 Rxg7 24. Bxe6 cxd2 25. Bxd2 Bxe6 26. Qxh6 Rg6 27.
Qf8+ Kd7 28. Bb4 Nec6 29. Qd6+ 1-0